Loading...

Introduction to modern cryptography

Bibliographic Details
Main Author: Katz, Jonathan
Other Authors: Lindell, Yehuda
Format: Printed Book
Published: Boca Raton : Chapman & Hall/CRC, c2008.
Subjects:
LEADER 00599cam a2200181 a 4500
020 |a 9781584885511  
020 |a 1584885513  
082 0 0 |a 005.8  |b KAT/I 
100 1 |a Katz, Jonathan, 
245 1 0 |a Introduction to modern cryptography  
260 |a Boca Raton :  |b Chapman & Hall/CRC,  |c c2008. 
300 |a xviii, 534 p. :  |b ill. ; 
650 0 |a Computer security. 
650 0 |a Cryptography. 
700 1 |a Lindell, Yehuda. 
942 |c BK 
999 |c 35375  |d 35375 
952 |0 0  |1 0  |4 0  |6 005_800000000000000_KATI  |7 0  |8 Stack  |9 37425  |a KUCL  |b KUCL  |c Stack  |d 2015-10-16  |g 40.99  |l 0  |o 005.8 KAT/I  |p 32073  |r 2015-10-16  |w 2015-10-16  |y BK